Sydney olympic city (Record no. 5530)

MARC details
000 -LEADER
fixed length control field 00570nam a22002057a 4500
005 - DATE AND TIME OF LATEST TRANSACTION
control field 20250519131022.0
008 - FIXED-LENGTH DATA ELEMENTS--GENERAL INFORMATION
fixed length control field 250519b |||||||| |||| 00| 0 eng d
040 ## - CATALOGING SOURCE
Transcribing agency DepED Dasmarinas City
245 ## - TITLE STATEMENT
Title Sydney olympic city
250 ## - EDITION
Edition statement August 2000 Vol. 198 No. 2
490 ## - SERIES STATEMENT
SERIES STATEMENT National Geographic
520 ## - SUMMARY, ETC.
Summary, etc. Sydney, People of Heaven, Monsters of Madagascar, Fungi, Phips's Fleet, The Temples of Angkor, Big Sur
650 ## - SUBJECT ADDED ENTRY--TOPICAL TERM
General subdivision ZULU
650 ## - SUBJECT ADDED ENTRY--TOPICAL TERM
General subdivision MADAGASCAR
650 ## - SUBJECT ADDED ENTRY--TOPICAL TERM
General subdivision NATURE
650 ## - SUBJECT ADDED ENTRY--TOPICAL TERM
General subdivision DISCOVERY
650 ## - SUBJECT ADDED ENTRY--TOPICAL TERM
General subdivision TEMPLES OF ANGKOR
650 ## - SUBJECT ADDED ENTRY--TOPICAL TERM
General subdivision CALIFORNIA
942 ## - ADDED ENTRY ELEMENTS (KOHA)
Source of classification or shelving scheme Dewey Decimal Classification
Koha item type Continuing Resources
999 ## -
-- 5530
-- 5530
Holdings
Homebranch current branch Barcode
DepED Dasmarinas City DepED Dasmarinas City DSMSR082000-054